[Event "Zonal 3.3 Online"]
[Site "Tornelo INT"]
[Date "2021.05.09"]
[Round "9"]
[White "Poh, Yu Tian"]
[Black "Gotel, Michael"]
[Result "1-0"]
[WhiteElo "2081"]
[BlackElo "2238"]
[PlyCount "105"]
[EventDate "2021.05.01"]
[EventType "swiss"]
[EventRounds "9"]
[EventCountry "PHI"]
[SourceTitle "CBM 202 Extra"]
[Source "ChessBase"]
[SourceDate "2021.07.31"]
[SourceVersion "1"]
[SourceVersionDate "2021.07.31"]
[SourceQuality "1"]

1. e4 e6 2. d4 d5 3. Nc3 Bb4 4. e5 b6 5. Bd2 Qd7 6. h4 Ba6 7. Bxa6 Nxa6 8. a4 Nb8 9. h5 Nc6 10. Qg4 f5 11. Qf4 Nh6 12. Nge2 0-0-0 13. Nc1 Nf7 14. Nd3 g5 15. Qe3 f4 16. Qh3 Nh6 17. Nxb4 Nxb4 18. 0-0-0 Nf5 19. Nb5 Nc6 20. Qd3 a6 21. Na3 Kb7 22. Bc3 Qe7 23. a5 bxa5 24. Qf3 Rhg8 25. Nb1 Ka7 26. Rd3 Nb4 27. Bxb4 axb4 28. Nd2 c5 29. dxc5 Qxc5 30. Nb3 Qc4 31. g4 fxg3 32. fxg3 g4 33. Qf2+ Ka8 34. Qd2 Rc8 35. Kb1 Rgf8 36. Rf1 Qc7 37. Rf4 a5 38. Nxa5 Nxg3 39. Rxf8 Rxf8 40. Rxg3 Rf1+ 41. Ka2 Rf3 42. Rxf3 gxf3 43. Qxb4 Ka7 44. Qd4+ Ka6 45. Nb3 Qc4 46. Qxc4+ dxc4 47. Nd2 f2 48. Kb1 Kb5 49. Kc1 Kc5 50. Ne4+ Kd4 51. Nxf2 Kxe5 52. Kd2 Kf4 53. b4 1-0

[Event "Zonal 3.3 Online"]
[Site "Tornelo INT"]
[Date "2021.05.03"]
[Round "3"]
[White "Gotel, Michael"]
[Black "Mohamad, Ervan"]
[Result "0-1"]
[WhiteElo "2238"]
[BlackElo "2356"]
[PlyCount "94"]
[EventDate "2021.05.01"]
[EventType "swiss"]
[EventRounds "9"]
[EventCountry "PHI"]
[SourceTitle "CBM 202 Extra"]
[Source "ChessBase"]
[SourceDate "2021.07.31"]
[SourceVersion "1"]
[SourceVersionDate "2021.07.31"]
[SourceQuality "1"]

1. d4 d5 2. c4 e6 3. Nc3 c6 4. e3 Nf6 5. b3 Bd6 6. Nf3 Nbd7 7. Be2 0-0 8. 0-0 b6 9. Bb2 Bb7 10. cxd5 exd5 11. Rc1 Qe7 12. Bd3 Rfe8 13. Nd2 Rad8 14. e4 dxe4 15. Ncxe4 Nxe4 16. Bxe4 Bf4 17. Re1 Qb4 18. Bc3 Qd6 19. g3 Bh6 20. Nc4 Qb8 21. Rc2 Nf8 22. Qh5 c5 23. d5 Rxe4 24. Rxe4 Bxd5 25. Re1 Ba8 26. f3 Qb7 27. Rf2 Ne6 28. Qe5 Qc6 29. h4 b5 30. Ba5 Rf8 31. Nd6 g6 32. Nxf7 Kxf7 33. Rfe2 Nd4 34. Rf2 Re8 35. Qxe8+ Qxe8 36. Rxe8 Kxe8 37. f4 Bg7 38. Bc7 Kd7 39. Bb8 Nc6 40. Be5 Nxe5 41. fxe5 Ke6 42. Kf1 h5 43. Rc2 Bf8 44. b4 c4 45. Rf2 Bg7 46. Rf4 c3 47. Ke2 c2 0-1

[Event "PHI-ch"]
[Site "Manila"]
[Date "2016.06.27"]
[Round "12"]
[White "Antonio, Rogelio Jr"]
[Black "Gotel, Michael"]
[Result "1-0"]
[WhiteElo "2474"]
[BlackElo "2238"]
[PlyCount "87"]
[EventDate "2016.06.20"]
[EventType "tourn"]
[EventRounds "13"]
[EventCountry "PHI"]
[SourceTitle "CBM 173 Extra"]
[Source "ChessBase"]
[SourceDate "2016.08.29"]
[SourceVersion "1"]
[SourceVersionDate "2016.08.29"]
[SourceQuality "1"]

1. e4 e6 2. d4 d5 3. Nc3 Bb4 4. e5 c5 5. a3 Bxc3+ 6. bxc3 Ne7 7. Qg4 0-0 8. Nf3 Nbc6 9. Bd3 f5 10. Qg3 Qa5 11. Bd2 c4 12. Be2 Bd7 13. Qh3 Nd8 14. Rg1 Be8 15. Nh4 Qa4 16. Bd1 Rc8 17. Bg5 Ng6 18. Nf3 Qa5 19. Bd2 Nf4 20. Qg3 Ng6 21. h4 Ne7 22. Ng5 f4 23. Qh2 Qb5 24. Bc1 Qa5 25. Bd2 Qb6 26. h5 Qb2 27. Rc1 Rc7 28. Nh3 Nec6 29. Nxf4 Rcf7 30. Ng6 Rxf2 31. Nxf8 Rxd2 32. Kxd2 Nxd4 33. Qg3 Nb3+ 34. Ke1 Nxc1 35. h6 g6 36. Rf1 Na2 37. Rf3 Qxa3 38. Qh4 Nf7 39. Nxe6 g5 40. Nxg5 Nxe5 41. Re3 Nd3+ 42. cxd3 Qxc3+ 43. Kf2 Qf6+ 44. Nf3 1-0

[Event "PHI-ch"]
[Site "Manila"]
[Date "2016.06.25"]
[Round "9"]
[White "Gotel, Michael"]
[Black "Bersamina, Paulo"]
[Result "1/2-1/2"]
[WhiteElo "2238"]
[BlackElo "2378"]
[PlyCount "128"]
[EventDate "2016.06.20"]
[EventType "tourn"]
[EventRounds "13"]
[EventCountry "PHI"]
[SourceTitle "CBM 173 Extra"]
[Source "ChessBase"]
[SourceDate "2016.08.29"]
[SourceVersion "1"]
[SourceVersionDate "2016.08.29"]
[SourceQuality "1"]

1. d4 Nf6 2. c4 e6 3. Nc3 Bb4 4. e3 b6 5. Nge2 Ne4 6. Qc2 Nxc3 7. Nxc3 Bb7 8. Bd2 0-0 9. a3 Bxc3 10. Bxc3 d6 11. 0-0-0 Nd7 12. f3 Qe7 13. Bd3 h6 14. Kb1 a6 15. h4 b5 16. cxb5 axb5 17. Bxb5 Rfb8 18. Bxd7 Qxd7 19. Bb4 f5 20. e4 fxe4 21. fxe4 Qf7 22. Rh3 Qh5 23. Re1 Qg4 24. Qd3 Rf8 25. e5 Rf4 26. Rg3 Ba6 27. Qe3 Qf5+ 28. Ka1 dxe5 29. Qxe5 Qxe5 30. Rxe5 Rxd4 31. Bc3 Rd7 32. Re4 Rf8 33. a4 Bb7 34. Reg4 Rff7 35. b4 g5 36. Kb2 Rd1 37. Kc2 Rg1 38. Bd4 Rh1 39. Rh3 Bxg2 40. Rxh1 Bxh1 41. hxg5 h5 42. Rh4 Bf3 43. Bf6 Kh7 44. Rf4 Bg2 45. b5 Kg6 46. Kc3 Rh7 47. Bd8 Rd7 48. Rd4 Bd5 49. Bf6 Rh7 50. Rh4 e5 51. Bxe5 Kxg5 52. Rd4 Rd7 53. Bf4+ Kf5 54. Bg3 Ke6 55. Kb4 Rg7 56. Bh2 c6 57. bxc6 Rg2 58. c7 Bb7 59. Rh4 Rg4+ 60. Rxg4 hxg4 61. Kc5 Kd7 62. Kb6 Kc8 63. a5 Ba8 64. a6 Bg2 1/2-1/2

[Event "PHI-ch"]
[Site "Manila"]
[Date "2016.06.21"]
[Round "3"]
[White "Miciano, John Marvin"]
[Black "Gotel, Michael"]
[Result "1-0"]
[WhiteElo "2044"]
[BlackElo "2238"]
[PlyCount "119"]
[EventDate "2016.06.20"]
[EventType "tourn"]
[EventRounds "13"]
[EventCountry "PHI"]
[SourceTitle "CBM 173 Extra"]
[Source "ChessBase"]
[SourceDate "2016.08.29"]
[SourceVersion "1"]
[SourceVersionDate "2016.08.29"]
[SourceQuality "1"]

1. e4 e6 2. d3 d5 3. Nd2 c5 4. g3 Nc6 5. Bg2 g6 6. Ngf3 Bg7 7. 0-0 Nge7 8. Re1 h6 9. h4 b6 10. Nf1 dxe4 11. dxe4 Ba6 12. Qxd8+ Rxd8 13. c3 0-0 14. e5 Rd7 15. N1h2 Rfd8 16. Ng4 Kh7 17. Nfh2 Rd1 18. Bf4 Rxa1 19. Rxa1 Nd5 20. Nf3 Nxf4 21. gxf4 Ne7 22. Ne3 Be2 23. Re1 Bxf3 24. Bxf3 h5 25. Kg2 Rd2 26. Nc4 Rd7 27. Nd6 Nf5 28. Nxf5 exf5 29. Re2 Kg8 30. Bc6 Rc7 31. Bd5 Kf8 32. c4 Re7 33. Kf3 Re8 34. Re3 Re7 35. Ra3 Rc7 36. Ra6 Ke8 37. a4 Bf8 38. a5 bxa5 39. Rxa5 Be7 40. Kg3 Kf8 41. Rb5 Kg7 42. Rb8 Rd7 43. Rc8 Rd8 44. Rc7 Kf8 45. Rb7 Rc8 46. f3 Rd8 47. b3 Rc8 48. Kg2 Rd8 49. Kf1 Rc8 50. Ke2 Ke8 51. Kd3 Kd8 52. Bxf7 Bxh4 53. Bxg6 Rc7 54. Rb8+ Ke7 55. Bxf5 Bg3 56. Ke4 h4 57. Bh3 Kf7 58. f5 Re7 59. f4 Rc7 60. f6 1-0

[Event "PHI-ch"]
[Site "Manila"]
[Date "2016.06.20"]
[Round "1"]
[White "Laylo, Darwin"]
[Black "Gotel, Michael"]
[Result "1/2-1/2"]
[WhiteElo "2457"]
[BlackElo "2238"]
[PlyCount "45"]
[EventDate "2016.06.20"]
[EventType "tourn"]
[EventRounds "13"]
[EventCountry "PHI"]
[SourceTitle "CBM 173 Extra"]
[Source "ChessBase"]
[SourceDate "2016.08.29"]
[SourceVersion "1"]
[SourceVersionDate "2016.08.29"]
[SourceQuality "1"]

1. d4 Nf6 2. c4 c5 3. d5 e6 4. Nc3 exd5 5. cxd5 d6 6. Nf3 g6 7. Bf4 a6 8. a4 Bg7 9. h3 0-0 10. e3 Nh5 11. Bh2 f5 12. Be2 f4 13. e4 Nd7 14. 0-0 b6 15. Re1 Ra7 16. Rb1 Ne5 17. Nxe5 Bxe5 18. Bg4 Bxg4 19. Qxg4 Nf6 20. Qh4 Nd7 21. Qg4 Nf6 22. Qh4 Nd7 23. Qg4 1/2-1/2

[Event "Olongapo City op"]
[Site "Olongapo City"]
[Date "2015.11.13"]
[Round "8"]
[White "Abelgas, Roel"]
[Black "Gotel, Michael"]
[Result "1/2-1/2"]
[WhiteElo "2316"]
[BlackElo "2204"]
[PlyCount "60"]
[EventDate "2015.11.09"]
[EventType "swiss"]
[EventRounds "10"]
[EventCountry "PHI"]
[SourceTitle "CBM 169 Extra"]
[Source "ChessBase"]
[SourceDate "2015.12.18"]
[SourceVersion "1"]
[SourceVersionDate "2015.12.18"]
[SourceQuality "1"]

1. d4 f5 2. Bg5 g6 3. c4 Bg7 4. e3 Nf6 5. Bxf6 Bxf6 6. Nc3 d6 7. g3 c6 8. Bg2 e5 9. dxe5 dxe5 10. Qxd8+ Kxd8 11. 0-0-0+ Kc7 12. e4 Na6 13. Nge2 Nc5 14. Kc2 a5 15. Nc1 fxe4 16. Nxe4 Bf5 17. f3 Rad8 18. Rxd8 Rxd8 19. Rd1 Bxe4+ 20. fxe4 Rxd1 21. Kxd1 Bg5 22. Nb3 Nxb3 23. axb3 Kd6 24. Kc2 Be3 25. h3 Bd4 26. Bf3 Bf2 27. g4 g5 28. Be2 Kc5 29. Kd3 Bd4 30. Kc2 Bf2 1/2-1/2

[Event "Olongapo City op"]
[Site "Olongapo City"]
[Date "2015.11.12"]
[Round "6"]
[White "Laylo, Darwin"]
[Black "Gotel, Michael"]
[Result "1-0"]
[WhiteElo "2471"]
[BlackElo "2204"]
[PlyCount "73"]
[EventDate "2015.11.09"]
[EventType "swiss"]
[EventRounds "10"]
[EventCountry "PHI"]
[SourceTitle "CBM 169 Extra"]
[Source "ChessBase"]
[SourceDate "2015.12.18"]
[SourceVersion "1"]
[SourceVersionDate "2015.12.18"]
[SourceQuality "1"]

1. d4 e6 2. c4 f5 3. Nf3 d5 4. e3 Nf6 5. Bd3 c6 6. 0-0 Bd6 7. b3 Qe7 8. Bb2 0-0 9. Qc1 Nbd7 10. Ba3 Bxa3 11. Nxa3 Ne4 12. Qb2 a5 13. Rac1 Rf6 14. Ne5 Nxe5 15. dxe5 Rh6 16. g3 Bd7 17. f3 Nc5 18. Be2 Be8 19. Nc2 Nd7 20. f4 g5 21. Qa3 Qxa3 22. Nxa3 gxf4 23. exf4 Nb6 24. Rfd1 Rg6 25. Rc3 Rg7 26. Nc2 Kf8 27. Nd4 Ke7 28. c5 Nd7 29. Kf2 h5 30. a3 Bf7 31. Rb1 Rh7 32. b4 Kd8 33. bxa5 Kc7 34. a6 bxa6 35. Rcb3 Nxc5 36. Rb6 Be8 37. Nxe6+ 1-0

[Event "Olongapo City op"]
[Site "Olongapo City"]
[Date "2015.11.09"]
[Round "1"]
[White "Gotel, Michael"]
[Black "Kotanjian, Tigran"]
[Result "0-1"]
[WhiteElo "2204"]
[BlackElo "2479"]
[PlyCount "76"]
[EventDate "2015.11.09"]
[EventType "swiss"]
[EventRounds "10"]
[EventCountry "PHI"]
[SourceTitle "CBM 169 Extra"]
[Source "ChessBase"]
[SourceDate "2015.12.18"]
[SourceVersion "1"]
[SourceVersionDate "2015.12.18"]
[SourceQuality "1"]

1. d4 g6 2. c4 Bg7 3. e4 d6 4. Nf3 Nf6 5. Nc3 0-0 6. h3 e5 7. d5 Na6 8. Bg5 c6 9. Nd2 Qb6 10. a3 Nd7 11. g4 Qc7 12. Rg1 Nb6 13. b4 cxd5 14. Nb5 Qd7 15. cxd5 Nc7 16. a4 h6 17. Nxc7 Qxc7 18. Rc1 Qb8 19. Be3 Bd7 20. b5 Rc8 21. Nc4 Nxc4 22. Bxc4 Qc7 23. Qb3 Qd8 24. Ke2 Qh4 25. f3 b6 26. Bf2 Qe7 27. Rc3 Bf6 28. Rgc1 Bh4 29. Bg1 Bg3 30. Qd1 Bf4 31. R1c2 Qh4 32. Qf1 a6 33. Qf2 Qxh3 34. Qxb6 axb5 35. Bxb5 Rxc3 36. Rxc3 Bxb5+ 37. Qxb5 Qg2+ 38. Bf2 Bg3 0-1

[Event "Quezon City Puregold op"]
[Site "Quezon City"]
[Date "2014.12.18"]
[Round "7"]
[White "Gotel, Michael"]
[Black "Yap, Kim Steven"]
[Result "0-1"]
[WhiteElo "2255"]
[BlackElo "2416"]
[PlyCount "64"]
[EventDate "2014.12.14"]
[EventType "swiss"]
[EventRounds "9"]
[EventCountry "PHI"]
[SourceTitle "EXT 2016"]
[Source "ChessBase"]
[SourceDate "2015.10.08"]
[SourceVersion "1"]
[SourceVersionDate "2015.10.08"]
[SourceQuality "1"]

1. d4 Nf6 2. c4 g6 3. f3 Bg7 4. e4 d6 5. Nc3 0-0 6. Be3 a6 7. Qd2 c6 8. c5 Qa5 9. cxd6 exd6 10. Rc1 Re8 11. Nge2 Nbd7 12. Nf4 b5 13. b3 Bb7 14. Be2 c5 15. 0-0 d5 16. dxc5 dxe4 17. fxe4 Rac8 18. Nd3 Nxe4 19. Nxe4 Qxd2 20. Bxd2 Bxe4 21. b4 Bd4+ 22. Rf2 Nf6 23. Nf4 Nd5 24. a4 Nxf4 25. Bxf4 Bc6 26. Bd3 Rcd8 27. axb5 axb5 28. Bd6 Ra8 29. Kf1 Bxf2 30. Kxf2 Ra2+ 31. Rc2 Ra3 32. Be2 Rb3 0-1

[Event "Quezon City Puregold op"]
[Site "Quezon City"]
[Date "2014.12.14"]
[Round "1"]
[White "Gotel, Michael"]
[Black "Antonio, Rogelio Jr"]
[Result "1/2-1/2"]
[WhiteElo "2255"]
[BlackElo "2503"]
[PlyCount "128"]
[EventDate "2014.12.14"]
[EventType "swiss"]
[EventRounds "9"]
[EventCountry "PHI"]
[SourceTitle "EXT 2016"]
[Source "ChessBase"]
[SourceDate "2015.10.08"]
[SourceVersion "1"]
[SourceVersionDate "2015.10.08"]
[SourceQuality "1"]

1. d4 Nf6 2. c4 e6 3. Nc3 Bb4 4. e3 c5 5. Nge2 d5 6. cxd5 exd5 7. a3 Bxc3+ 8. bxc3 0-0 9. f3 Re8 10. Ng3 h5 11. Bd3 Nc6 12. 0-0 Be6 13. Rb1 Qc7 14. a4 Bd7 15. Re1 Rac8 16. Ba3 h4 17. Nf5 cxd4 18. cxd4 Bxf5 19. Bxf5 Rcd8 20. Qc2 Qa5 21. Re2 Qc7 22. Rb5 g6 23. Bh3 Kg7 24. Qc1 a6 25. Rc5 Nh5 26. Re1 f5 27. Qc3 Kh7 28. e4 Qg7 29. exf5 Rxe1+ 30. Qxe1 Qxd4+ 31. Kh1 Re8 32. fxg6+ Kg7 33. Qb1 Nf6 34. Rc1 Qe3 35. Bc5 d4 36. Bf5 Re5 37. Bd3 h3 38. Bd6 hxg2+ 39. Kxg2 Rg5+ 40. Bg3 Nh5 41. Qxb7+ Ne7 42. Rc7 Nf4+ 43. Kh1 Nfd5 44. Be4 Nxc7 45. Qxc7 Qa3 46. h4 Rxg6 47. Be5+ Kh6 48. Bxd4 Qd6 49. Qc1+ Kh5 50. Bxg6+ Qxg6 51. Qf4 Nf5 52. Bf2 Qf6 53. Qg4+ Kh6 54. Kg2 Kh7 55. a5 Qe5 56. Qg5 Qxa5 57. h5 Qe5 58. Qg6+ Kh8 59. Qxa6 Ng7 60. h6 Qg5+ 61. Kf1 Nf5 62. Qe6 Kh7 63. Qe5 Kxh6 64. Qh8+ Kg6 1/2-1/2

[Event "Bangkok op 14th"]
[Site "Bangkok"]
[Date "2014.04.13"]
[Round "2"]
[White "Socko, Bartosz"]
[Black "Gotel, Michael"]
[Result "1/2-1/2"]
[WhiteElo "2635"]
[BlackElo "2246"]
[PlyCount "87"]
[EventDate "2014.04.12"]
[EventType "swiss"]
[EventRounds "9"]
[EventCountry "THA"]
[SourceTitle "CBM 159 Extra"]
[Source "ChessBase"]
[SourceDate "2014.04.24"]
[SourceVersion "1"]
[SourceVersionDate "2014.04.24"]
[SourceQuality "1"]

1. e4 e6 2. d4 d5 3. Nc3 Bb4 4. a3 Bxc3+ 5. bxc3 dxe4 6. Qg4 Nf6 7. Qxg7 Rg8 8. Qh6 c5 9. Ne2 Bd7 10. Bg5 Rg6 11. Qh4 h6 12. Bxf6 Qxf6 13. Qxe4 Bc6 14. Qe3 Nd7 15. Ng3 0-0-0 16. Bd3 Rg4 17. f3 cxd4 18. Qf2 Rh4 19. Be4 Bb5 20. cxd4 Nc5 21. Rd1 Nxe4 22. Nxe4 Qe7 23. Qe3 Qc7 24. g3 Rh5 25. Qc3 Qxc3+ 26. Nxc3 Bc6 27. Kf2 Ra5 28. a4 Bxa4 29. Ne4 Bc6 30. Ke3 Ra2 31. c4 a5 32. Ra1 Rxa1 33. Rxa1 b6 34. c5 Bxe4 35. fxe4 Kc7 36. cxb6+ Kxb6 37. Kd3 Rd7 38. Rb1+ Kc6 39. Kc4 a4 40. Ra1 Ra7 41. Kb4 Rb7+ 42. Kc4 Ra7 43. Kb4 Rb7+ 44. Kc4 1/2-1/2

[Event "Asia zt 3.3"]
[Site "Tagaytay City"]
[Date "2013.01.29"]
[Round "9"]
[White "Gotel, Michael"]
[Black "Mariano, Nelson III"]
[Result "1/2-1/2"]
[WhiteElo "2161"]
[BlackElo "2251"]
[PlyCount "61"]
[EventDate "2013.01.22"]
[EventType "swiss"]
[EventRounds "9"]
[EventCountry "PHI"]
[SourceTitle "CBM 152 Extra"]
[Source "ChessBase"]
[SourceDate "2013.02.25"]
[SourceVersion "1"]
[SourceVersionDate "2013.02.25"]
[SourceQuality "1"]

1. d4 Nf6 2. c4 g6 3. Nc3 Bg7 4. e4 d6 5. Nf3 0-0 6. h3 e5 7. d5 Na6 8. Qc2 c6 9. Be3 cxd5 10. cxd5 b6 11. a3 Bb7 12. Be2 Rc8 13. Nd2 Nc5 14. Qb1 Ba6 15. b4 Bxe2 16. Kxe2 Ncd7 17. Qd3 Qe7 18. g4 a5 19. Rhg1 axb4 20. axb4 Ra8 21. f3 h6 22. Nb5 Kh7 23. Nc3 Kg8 24. Bf2 Nh7 25. h4 Nhf6 26. Nb5 Nh7 27. Nc3 Nhf6 28. Rh1 Nh7 29. Be3 Kh8 30. Bf2 Kg8 31. Nb5 1/2-1/2

[Event "Asia zt 3.3"]
[Site "Tagaytay City"]
[Date "2013.01.26"]
[Round "6"]
[White "Dimakiling, Oliver"]
[Black "Gotel, Michael"]
[Result "0-1"]
[WhiteElo "2427"]
[BlackElo "2161"]
[PlyCount "108"]
[EventDate "2013.01.22"]
[EventType "swiss"]
[EventRounds "9"]
[EventCountry "PHI"]
[SourceTitle "CBM 152 Extra"]
[Source "ChessBase"]
[SourceDate "2013.02.25"]
[SourceVersion "1"]
[SourceVersionDate "2013.02.25"]
[SourceQuality "1"]

1. c4 g6 2. g3 Bg7 3. Bg2 c5 4. Nc3 Nc6 5. Nf3 b6 6. 0-0 Bb7 7. e3 Bxc3 8. bxc3 d6 9. d3 Qd7 10. e4 0-0-0 11. Ng5 e6 12. f4 f6 13. Nf3 h6 14. f5 gxf5 15. exf5 e5 16. Be3 Na5 17. Qe2 Qf7 18. Nd2 Bxg2 19. Qxg2 Qb7 20. Ne4 h5 21. Rab1 Qc6 22. h3 Rh7 23. Rb5 Nb7 24. a4 Rg7 25. Kh2 Rc7 26. Rfb1 d5 27. cxd5 Rxd5 28. a5 Nxa5 29. Bxc5 Rxc5 30. Rxc5 bxc5 31. Qa2 Ne7 32. Qxa5 c4 33. Rb5 cxd3 34. Qb4 d2 35. Qb3 Rd7 36. Rb8+ Kc7 37. Rf8 Nc8 38. Nxf6 Qc5 39. Ne8+ Kc6 40. Qa4+ Kb6 41. Qb3+ Ka5 42. Qa2+ Kb5 43. Qb3+ Ka5 44. Qa2+ Kb6 45. Rf6+ Kb7 46. Qb1+ Nb6 47. Nd6+ Rxd6 48. Qh1+ Kc7 49. Rxd6 Qxd6 50. Qd1 Na4 51. Qxa4 Qc5 52. f6 Qf2+ 53. Kh1 Qf1+ 54. Kh2 Qe2+ 0-1